A rainha caprichosa (Registo nº 5963)
[ vista simples ]
| 000 -Etiqueta do registo | |
|---|---|
| Valores | 00690cam a2200241 04500 |
| 021 ## - Número do Depósito Legal | |
| Número | 23733/88 |
| 100 ## - Dados gerais de processamento | |
| Dados gerais | 20211231d1988 a||y0pory5003 ba |
| 200 1# - Titulo e menção de responsabilidade | |
| Título próprio | A rainha caprichosa |
| Primeira menção de responsabilidade | Michele Kahn, Chica |
| 210 #9 - Publicação | |
| Local de publicação | Porto |
| Nome do editor | Porto Editora |
| Data de publicação | imp. 1988 |
| 215 ## - Descrição física | |
| Paginação / Volumes | [18] p. |
| Outras indicações físicas | muito il. |
| Dimensões | 24 cm |
| 225 2# - Colecção | |
| Título próprio da colecção | Os coelhinhos |
| 304 ## - Nota relativa ao título | |
| Texto de nota | Tit. orig.: La reine des pommes fait des caprices |
| 606 ## - Nome comum usado como assunto | |
| ID Autoridade | 14 |
| Palavra de ordem | Literatura infantil |
| 606 ## - Nome comum usado como assunto | |
| ID Autoridade | 13 |
| Palavra de ordem | Literatura Estrangeira |
| 675 ## - CDU | |
| Notação | 82-93 |
| Edição | BN |
| Língua | por |
| 675 ## - CDU | |
| Notação | 821.1/.8 |
| Edição | BN |
| Língua | por |
| 700 ## - Autor principal (pessoa individual) | |
| Apelido | Kahn |
| Nome | Michele |
| ID Autoridade | 5642 |
| 701 ## - Co-autor principal (pessoa individual) | |
| Apelido | Chica |
| ID Autoridade | 5643 |
| 801 #0 - Fonte de origem | |
| País | PT |
| Agência | BMVN |
| Regras de catalogação | RPC |
| 830 ## - Notas gerais do catalogador | |
| Criado por | Ana Caetano |
| Data de criação | 31/12/2021 |
| 990 ## - Elementos KOHA | |
| Tipo de documento | Livro |
| Situação do levantamento | Biblioteca de origem | Código de barras | Cota | Permissão de empréstimo | Tipo de documento | Forma de aquisição |
|---|---|---|---|---|---|---|
| Biblioteca Municipal de Vendas Novas | 100000009477 | LI EST/KAH | Livro |